| 000 | 00453nam a2200193Ia 4500 | ||
|---|---|---|---|
| 008 | 210210b1965 xxu||||| |||| 00| 0 eng d | ||
| 041 | _aeng | ||
| 082 | _a954/337 | ||
| 100 | _aRAJAGOPALACHARI (C) | ||
| 245 | _aOur culture by Munshi Diwakar | ||
| 260 |
_aBombay _bBharatiya Vidhya Bhavan _c1965 |
||
| 650 | _aOur | ||
| 650 | _aMunshi | ||
| 650 | _aDiwakar | ||
| 650 | _aculture | ||
| 650 | _aby | ||
| 690 | _aIndian History | ||
| 906 | _a026097 | ||
| 999 |
_c152035 _d152035 |
||